01416cam a2200349 a 4500952015000000952015000150999001700300001000900317003000400326005001700330008004100347010001700388020003600405020003000441020003300471020002700504035002400531040004900555050002600604082002200630100003200652245008400684250001200768260003700780300003600817504005100853650002500904700002600929700002400955906004500979942004201024 00102ddc40708DATAaMESbMEScCOMPd2022-09-26e53g710.00l0o005.74 SIL/Dp41582r2022-09-26 00:00:00tVol 2v710.00w2022-09-26yBKzGL33R2 00102ddc40708DATAaMESbMEScCOMPd2022-09-26e53g710.00l0o005.74 SIL/Dp41581r2022-09-26 00:00:00tVol 1v710.00w2022-09-26yBKzGL33R2 c41538d4153815915427OSt20220922100024.0090921s2011 nyua b 001 0 eng  a 2009039039 a9780073523323 (hc : alk. paper) a9780071289597 (pbk. : IE) a0073523321 (hc : alk. paper) a0071289593 (pbk. : IE) a(OCoLC)ocn436031093 aDLCcDLCdBTCTAdC#PdBWXdYDXCPdSIRPLdDLC00aQA76.9.D3bS5637 201100a005.74222bSIL/D1 aSilberschatz, Abraham9905210aDatabase system concepts /cAbraham Silberschatz, Henry F. Korth, S. Sudarshan. a6th ed. aNew York :bMcGraw-Hill,cc2011. axxvi, 1349 p. :bill. ;c25 cm. aIncludes bibliographical references and index. 0aDatabase management.1 aKorth, Henry F.990531 aSudarshan, S.99054 a7bcbccorignewd1eecipf20gy-gencatlg 2ddccBKh005.74iSIL/Dk005.74mSIL/D